000 00771nam a2200241Ia 4500
003 OSt
005 20220923225356.0
006 a|||||r|||| 00| 0
007 ta
008 220922b |||||||| |||| 00| 0 hin d
024 _a264,774
037 _cTextual
040 _aARTS
_cARTS
_bhin
041 _2hin
_ahin
082 _aP152:3, M1
100 _aजगन्नाथन, वी0 रा0
_9160419
245 0 _aप्रयोग और प्रयोग
246 _aPrayog aur prayoga
260 _aदिल्ली
_b ऑक्सफर्ड यूनिवर्सिटी प्रेस
_c1981
300 _a452पृ.
_ccm.
942 _hP152:3, M1
_cTEXL
_2CC
999 _c377875
_d377875